Alle Brüder, alle Schwestern: oder: wie man den Monotheismus nicht verteidigt
| Main Author: | |
|---|---|
| Format: | Electronic Article |
| Language: | German |
| Check availability: | HBZ Gateway |
| Interlibrary Loan: | Interlibrary Loan for the Fachinformationsdienste (Specialized Information Services in Germany) |
| Published: |
2010
|
| In: |
Concilium
Year: 2010, Volume: 46, Issue: 2, Pages: 224-229 |
| Standardized Subjects / Keyword chains: | B
Torres Queiruga, Andrés 1940-
/ Monotheism
/ Violence
/ Religion
|
| RelBib Classification: | AX Inter-religious relations CC Christianity and Non-Christian religion; Inter-religious relations NBC Doctrine of God NCC Social ethics |
| Further subjects: | B
Monotheism
|
| Online Access: |
Volltext (kostenfrei) |
| Rights Information: | CC BY-SA 4.0 |
| Parallel Edition: | Non-electronic
|
MARC
| LEADER | 00000naa a22000002c 4500 | ||
|---|---|---|---|
| 001 | 188270813X | ||
| 003 | DE-627 | ||
| 005 | 20240306131418.0 | ||
| 007 | cr uuu---uuuuu | ||
| 008 | 240306s2010 xx |||||o 00| ||ger c | ||
| 024 | 7 | |a 10.58005/conc.v46i2.92170 |2 doi | |
| 035 | |a (DE-627)188270813X | ||
| 035 | |a (DE-599)KXP188270813X | ||
| 040 | |a DE-627 |b ger |c DE-627 |e rakwb | ||
| 041 | |a ger | ||
| 084 | |a 1 |a 0 |2 ssgn | ||
| 100 | 1 | |e VerfasserIn |0 (DE-588)123173388 |0 (DE-627)082391157 |0 (DE-576)29358897X |4 aut |a Buchholz, René |d 1958- | |
| 109 | |a Buchholz, René 1958- | ||
| 245 | 1 | 0 | |a Alle Brüder, alle Schwestern |b oder: wie man den Monotheismus nicht verteidigt |
| 264 | 1 | |c 2010 | |
| 336 | |a Text |b txt |2 rdacontent | ||
| 337 | |a Computermedien |b c |2 rdamedia | ||
| 338 | |a Online-Ressource |b cr |2 rdacarrier | ||
| 506 | |a [DE-21]Open Access |e Controlled Vocabulary for Access Rights |u http://purl.org/coar/access_right/c_abf2 | ||
| 533 | |a Reproduktion |d 2023 |7 |2023|||||||||| | ||
| 540 | |a [DE-21]Namensnennung - Weitergabe unter gleichen Bedingungen 4.0 International |f CC BY-SA 4.0 |2 cc |u https://creativecommons.org/licenses/by-sa/4.0/ | ||
| 601 | |a Schwester | ||
| 650 | 0 | 7 | |0 (DE-588)4040107-8 |0 (DE-627)106225359 |0 (DE-576)209038063 |a Monotheismus |2 gnd |
| 652 | |a AX:CC:NBC:NCC | ||
| 689 | 0 | 0 | |d p |0 (DE-588)124646271 |0 (DE-627)373383150 |0 (DE-576)164538380 |2 gnd |a Torres Queiruga, Andrés |d 1940- |
| 689 | 0 | 1 | |d s |0 (DE-588)4040107-8 |0 (DE-627)106225359 |0 (DE-576)209038063 |2 gnd |a Monotheismus |
| 689 | 0 | 2 | |d s |0 (DE-588)4020832-1 |0 (DE-627)10631663X |0 (DE-576)208934979 |2 gnd |a Gewalt |
| 689 | 0 | 3 | |d s |0 (DE-588)4049396-9 |0 (DE-627)106187155 |0 (DE-576)209081880 |2 gnd |a Religion |
| 689 | 0 | |5 (DE-627) | |
| 773 | 0 | 8 | |i Enthalten in |t Concilium |d Mainz : Matthias-Grünewald-Verlag, 1965 |g 46(2010), 2, Seite 224-229 |w (DE-627)1822266084 |w (DE-600)3139669-0 |7 nnas |
| 773 | 1 | 8 | |g volume:46 |g year:2010 |g number:2 |g pages:224-229 |
| 776 | 0 | 8 | |i Elektronische Reproduktion von |a Buchholz, René, 1958 - |t Alle Brüder, alle Schwestern |d 2010 |w (DE-627)1646466918 |w (DE-576)467213992 |k Non-Electronic |
| 856 | 4 | 0 | |u https://doi.org/10.58005/conc.v46i2.92170 |x Digitalisierung |z kostenfrei |3 Volltext |7 0 |
| 935 | |a mteo |a BIIN |a DTH5 | ||
| 951 | |a AR | ||
| BIB | |a 1 | ||
| ELC | |a 1 | ||
| ITA | |a 1 |t 1 | ||
| LOK | |0 000 xxxxxcx a22 zn 4500 | ||
| LOK | |0 001 4496183625 | ||
| LOK | |0 003 DE-627 | ||
| LOK | |0 004 188270813X | ||
| LOK | |0 005 20240306131418 | ||
| LOK | |0 008 240306||||||||||||||||ger||||||| | ||
| LOK | |0 040 |a DE-Tue135 |c DE-627 |d DE-Tue135 | ||
| LOK | |0 092 |o n | ||
| LOK | |0 852 |a DE-Tue135 | ||
| LOK | |0 852 1 |9 00 | ||
| LOK | |0 935 |a ixzs | ||
| LOK | |0 936ln |0 1442051507 |a NBC | ||
| LOK | |0 936ln |0 144205283X |a NCC | ||
| LOK | |0 936ln |0 1442043806 |a CC | ||
| LOK | |0 936ln |0 1442043253 |a AX | ||
| LOK | |0 939 |a 06-03-24 |b l01 | ||
| OAS | |a 1 | ||
| ORI | |a SA-MARC-ixtheoa001.raw | ||
| REL | |a 1 | ||
| STA | 0 | 0 | |a Monotheism,Monotheistic religion,Religion,Religions,Religion,Religion in literature,Violence,Violence,Violence in literature |
| STB | 0 | 0 | |a Monothéisme,Religion,Religions,Religion,Violence,Violence |
| STC | 0 | 0 | |a Monoteísmo,Religión,Religión,Religión,Violencia,Violencia |
| STD | 0 | 0 | |a Monoteismo,Religione,Religione,Religione,Violenza,Violenza |
| STE | 0 | 0 | |a 一神论,宗教,宗教,暴力,暴力,武力,武力 |
| STF | 0 | 0 | |a 一神論,宗教,宗教,暴力,暴力,武力,武力 |
| STG | 0 | 0 | |a Monoteísmo,Religião,Religião,Violência,Violência |
| STH | 0 | 0 | |a Власть,Власть,Сила,Сила (мотив),Монотеизм,Религия (мотив),Религия |
| STI | 0 | 0 | |a Βία (μοτίβο),Βία,Θρησκεία (μοτίβο),Θρησκεία,Μονοθεϊσμός |
| SUB | |a BIB |a REL | ||
| SYE | 0 | 0 | |a Monotheistische Religion |
| SYG | 0 | 0 | |a Torres-Queiruga, Andrés,1940-,Torres Queiruga, Andrés de,1940-,Queiruga, Andrés Torres,1940-,Torres Queiruga, A.,1940- , Monotheistische Religion , Religion,Mystik,Mythologie |



